000 00657nam a22002057a 4500
003 OSt
005 20251204071357.0
008 251204b |||||||| |||| 00| 0 eng d
020 _a13 : 978-0-7506-7898-8.
040 _aDWCL-Main lib
_cOC
082 _21st ed.
_aCirc. 910.684 M287t 2006
100 _aMansfeld, Yoel
245 _aTourism, security and safety :
_bfrom theory to practice
_cMansfeld, Yoel
260 _aAmsterdam :
_bElsevier,
_cc2006.
300 _axiv, 361 pages :
_billustration ;
_c23 cm.
650 _21. Tourism.
651 _22. Tourism--Safety measures.
700 _aPizam, Abraham
942 _2ddc
_cBK-CIRC
_e1st ed.
_kCirc.
_n0
999 _c6859
_d6859